000 00545nam a2200169 i 4500
001 78582
003 ES-MaACL
005 20230906173743.0
007 t|
008 041015s1977 mx |||| | spa d
100 1 _aHeath, Shirley Brice.
_962250
245 1 3 _aLa política del lenguaje en México
_b: de la Colonia a la Nación /
_cShirley Brice Heath.
260 _a[México] :
_bInstituto Nacional Indigenista,
_c[1977]
300 _a317 p. ;
_c22 cm.
710 2 _aInstituto Nacional Indigenista (México)
_95196
852 _aES-MaACL
_jA-9978
999 _c78582
_d78582